FACTORS INFLUENCING THE MUSLIM CONSUMER'S LEVEL OF CONFIDENCE ON HALAL LOGO ISSUED BY JAKIM: AN EMPIRICAL STUDY / (Record no. 6366)
[ view plain ]
| 000 -LEADER | |
|---|---|
| fixed length control field | 01143nmb a2200277uu 4500 |
| 001 - CONTROL NUMBER | |
| control field | 09043 |
| 003 - CONTROL NUMBER IDENTIFIER | |
| control field | HDC |
| 007 - PHYSICAL DESCRIPTION FIXED FIELD--GENERAL INFORMATION | |
| fixed length control field | cr cn|---aauu| |
| 008 - FIXED-LENGTH DATA ELEMENTS--GENERAL INFORMATION | |
| fixed length control field | 201211p200503 my ||||| |||| 00| 0 eng d |
| 040 ## - CATALOGING SOURCE | |
| Original cataloging agency | HDC |
| 100 ## - MAIN ENTRY--PERSONAL NAME | |
| Personal name | Ahmadi Masnono, |
| Relator term | author |
| 9 (RLIN) | 9467 |
| 245 #0 - TITLE STATEMENT | |
| Title | FACTORS INFLUENCING THE MUSLIM CONSUMER'S LEVEL OF CONFIDENCE ON HALAL LOGO ISSUED BY JAKIM: AN EMPIRICAL STUDY / |
| Statement of responsibility, etc. | AHMADI MASNONO |
| 260 ## - PUBLICATION, DISTRIBUTION, ETC. | |
| Place of publication, distribution, etc. | Pulau Pinang : |
| Name of publisher, distributor, etc. | University Sains Malaysia, |
| Date of publication, distribution, etc. | 2005 |
| 300 ## - PHYSICAL DESCRIPTION | |
| Extent | 34 pages : |
| Other physical details | colour illustrations |
| 336 ## - CONTENT TYPE | |
| Content type term | text |
| Source | rdacontent |
| 337 ## - MEDIA TYPE | |
| Media type term | computer |
| Source | rdamedia |
| 338 ## - CARRIER TYPE | |
| Carrier type term | online resource |
| Source | rdacarrier |
| 500 ## - GENERAL NOTE | |
| General note | Research report submitted in partial fulfillment of the requirement for the degree of Master of Business Administration, University Sains Malaysia |
| 650 ## - SUBJECT ADDED ENTRY--TOPICAL TERM | |
| Topical term or geographic name entry element | Business |
| General subdivision | Religious aspect |
| -- | Islam |
| 9 (RLIN) | 9468 |
| 650 ## - SUBJECT ADDED ENTRY--TOPICAL TERM | |
| Topical term or geographic name entry element | Halal product |
| 9 (RLIN) | 48 |
| 650 ## - SUBJECT ADDED ENTRY--TOPICAL TERM | |
| Topical term or geographic name entry element | Muslim consumer |
| 9 (RLIN) | 584 |
| 856 ## - ELECTRONIC LOCATION AND ACCESS | |
| Public note | Request full-text at [email protected] |
| 942 ## - ADDED ENTRY ELEMENTS (KOHA) | |
| Source of classification or shelving scheme | Dewey Decimal Classification |
| 942 ## - ADDED ENTRY ELEMENTS (KOHA) | |
| Koha item type | Electronic Journal |
| 942 ## - ADDED ENTRY ELEMENTS (KOHA) | |
| Call number prefix | REPT 000023 |
| Withdrawn status | Lost status | Source of classification or shelving scheme | Damaged status | Not for loan | Home library | Current library | Shelving location | Date acquired | Total checkouts | Full call number | Date last seen | Price effective from | Koha item type |
|---|---|---|---|---|---|---|---|---|---|---|---|---|---|
| Library of Congress Classification | Halal Development Corporation Library | Halal Development Corporation Library | Open Shelves | 24/05/2023 | REPT 000023 | 24/05/2023 | 24/05/2023 | Electronic Journal |
